000 00656nab a2200241 a 4500
001 73554
003 147884
005 20201118111138.0
008 ||||||n9999 ||| || ||
041 _aspa
100 _aPrieto, Victor Manuel
245 0 _aEstimulos a colegios privados :
_bpara servirle a la gente
260 _aBogotá :
_c1993.
300 _app.61-64
562 _e0
650 _aCOBERTURA DEL SERVICIO
650 _aESTABLECIMIENTOS DE ENSEÑANZA
650 _aESTRATEGIAS DE LA EDUCACION
650 _aNECESIDADES DE EDUCACION
650 _aPRIVATIZACIÓN
773 _070588
_aEducacion y Cultura - No.31
942 _cSART
999 _c73554
_d73554